Logos des clubs de la Ligue des Champions 2024 - Statistiques

Statistiques générales
  • Ce quiz a été pris 2 098 fois
  • Le résultat moyen est 25 sur 32
Statistiques - réponses
Par images Réponse % Correct
Manchester United
98%
Paris Saint-Germain
93%
Barcelone
92%
Bayern Munich
92%
Real Madrid
92%
Atlético de Madrid
90%
Arsenal
89%
Manchester City
88%
Milan
88%
Naples
87%
Inter Milan
85%
Racing Club de Lens
85%
Newcastle United
82%
Benfica
81%
Celtic
81%
Porto
81%
Borussia Dortmund
80%
Real Sociedad
80%
Séville
80%
Galatasaray
79%
Lazio
78%
PSV Eindhoven
78%
RB Leipzig
78%
Red Bull Salzbourg
72%
Étoile rouge de Belgrade
65%
Union Berlin
65%
Copenhague
64%
Braga
63%
Feyenoord Rotterdam
61%
Chakhtar Donetsk
57%
Young Boys
52%
Royal Antwerp
43%
Aucun quiz correspondant
Distribution des résultats
% des personnes avec chaque résultat
Percentile par nombre de réponses
Votre historique - résultats
Vous n’avez pas pris ce quiz